| 000 | 00546nam a2200181 a 4500 | ||
|---|---|---|---|
| 001 | 23951 | ||
| 003 | CO-ViMGA | ||
| 008 | 141112s2004 ck r 000 u spa d | ||
| 020 | _a9789587104424 | ||
| 040 |
_aCO-ViMGA _bspa _cCO-ViMGA |
||
| 082 | 0 | 4 | _a630.986 F141t |
| 100 | 1 |
_aFajardo Montaña, Dario _934766 |
|
| 245 | 1 | 0 |
_aTerritorios de la agricultura colombiana / _cDario Fajardo Montaña |
| 260 |
_aColombia : _buniversidad externado de colombia |
||
| 300 | _a291p. | ||
| 650 | 1 | 4 |
_aAGRICULTURA - HISTORIA - COLOMBIANA _934767 |
| 942 |
_2ddc _cBK |
||
| 999 |
_c32017 _d32017 |
||